| 000 | 00814nam a2200217Ia 4500 | ||
|---|---|---|---|
| 999 |
_c40159 _d40159 |
||
| 001 | 6765 | ||
| 003 | GE_BSU | ||
| 005 | 20200116120605.0 | ||
| 008 | 181216s1953||||ge |||||||||||||| ||geo|| | ||
| 040 | _cGE_BSU | ||
| 041 | _ageo | ||
| 080 | _a821.353.1-7 გ-59 | ||
| 100 |
_aგოგიაშვილი, მიხეილ. _96047 |
||
| 245 |
_aსატირა და იუმორი / _cმიხეილ გოგიაშვილი ; რედ. ი. არაბული. |
||
| 264 |
_aთბილისი : _bსახელმწიფო გამომცემლობა, _c1953. |
||
| 300 |
_a158 გვ. ; _c21 სმ. |
||
| 653 | _aსატირა | ||
| 653 | _aიუმორი | ||
| 700 |
_aარაბული, ი. _eრედაქტორი _96150 |
||
| 942 |
_cBK _2udc |
||